000 00625nam a2200217Ia 4500
005 20250923144624.0
008 008 250917s9999 xx 000 0 eng d
037 _aTextual
040 _aDSWL
_beng
_cDSWL
041 _aeng
_2eng
084 _aX:9oaYX;5-B.2'N5, N58
_qDSWL
100 _aMamoria, C.B.
_9826732
245 0 _aLabour problems & social welfare in India
_cby C.B. Mamoria
260 _aDelhi
_b Kitab Mahal
_c1958
300 _av,439p.
365 _aINR
_b10
700 _aS.L. Doshi
_9826733
925 _g10
942 _cTEXL
_hX:9oaYX;5-B.2'N5, N58
999 _c1441279
_d1441279